00842nam a22002417a 45000010005000000030006000050050017000110080041000280400029000690500016000980820010001141000019001242450109001432600041002523000047002935050008003405200104003485210027004525210018004796500039004977000029005367000035005657671FISKH20250730151805.0250730b cb ||||| |||| 00| 0 eng d aFISKHbengcFISKHdFISKH aPE1119.S525 a153.7 aShapp, Martha  aLet's find out what's big and what's small / cBy Martha and Charles Shapp ; Pictures by Carol Nicklaus  aNew York : bFranklin Watts, c1959. a40 pages : bcolor illustrations ; c23 cm aE  aExplains the differences between big and small pointing out that it is sometimes difficult to tell.8 a160 bLexile estimate 8 aE bRaz-Plus  abig and Small Children'svScience  aShapp, Charles eAuthor  aNicklaus, Carol eIllustrator